| 000 | 00880nam a2200133Ia 4500 | ||
|---|---|---|---|
| 008 | 220615s9999||||xx |||||||||||||| ||und|| | ||
| 100 | _aRichards, Jennifer||Atkinson, Sarah||Macnaughton, Jane | ||
| 245 | 0 | _aChapter 6 Paper Technologies, Digital Technologies: Working With Early Modern Medical Records | |
| 546 | _aEnglish[eng] | ||
| 650 | _aaffect||medical humanities||experimentation||mind||body||evidence||imagination||affect||medical humanities||experimentation||mind||body||evidence||imagination||Astrology||Casebook||Digital humanities||Duden||History of medicine||Medicine||Michel Foucault | ||
| 700 | _aWoods, Angela||Whitehead, Anne | ||
| 856 | _uhttps://library.oapen.org/bitstream/20.500.12657/29789/1/1000159.pdf||https://library.oapen.org/bitstream/20.500.12657/29789/1/1000159.pdf||https://library.oapen.org/bitstream/20.500.12657/29789/1/1000159.pdf | ||
| 942 | _cEB | ||
| 999 |
_c13301 _d13301 |
||